Communicating science: Professional contexts:Reader 1 (Record no. 7387)
[ view plain ]
| 000 -LEADER | |
|---|---|
| fixed length control field | 00604 a2200205 4500 |
| 020 ## - INTERNATIONAL STANDARD BOOK NUMBER | |
| International Standard Book Number | 0-415-19750-3 |
| 020 ## - INTERNATIONAL STANDARD BOOK NUMBER | |
| International Standard Book Number | 0-415-19751-1 |
| 040 ## - CATALOGING SOURCE | |
| Original cataloging agency | DLC |
| Language of cataloging | DLC |
| 082 ## - DEWEY DECIMAL CLASSIFICATION NUMBER | |
| Classification number | 501.4 |
| 082 ## - DEWEY DECIMAL CLASSIFICATION NUMBER | |
| Classification number | 501.4 |
| 245 00 - TITLE STATEMENT | |
| Title | Communicating science: Professional contexts:Reader 1 |
| Number of part/section of a work | Reader 1 |
| Name of part/section of a work | Professional contexts |
| Statement of responsibility, etc. | Eileen Scanlon, Roger Hill and Kirk Junker |
| 260 ## - PUBLICATION, DISTRIBUTION, ETC. | |
| Place of publication, distribution, etc. | London : |
| Name of publisher, distributor, etc. | Routledge, |
| Date of publication, distribution, etc. | 1999 |
| 300 ## - PHYSICAL DESCRIPTION | |
| Extent | 315 s. |
| 650 #7 - SUBJECT ADDED ENTRY--TOPICAL TERM | |
| Topical term or geographic name entry element | Communication in science |
| 700 1# - ADDED ENTRY--PERSONAL NAME | |
| Personal name | Scanlon, Eileen |
| Relator code | oth |
| 700 1# - ADDED ENTRY--PERSONAL NAME | |
| Personal name | Hill, Roger |
| 700 1# - ADDED ENTRY--PERSONAL NAME | |
| Personal name | Junker, Kirk |
| 740 0# - ADDED ENTRY--UNCONTROLLED RELATED/ANALYTICAL TITLE | |
| Uncontrolled related/analytical title | Professional contexts |
| 942 ## - ADDED ENTRY ELEMENTS (KOHA) | |
| Koha item type | Book |
| Call number prefix | 501.4 SCA |
| Source of classification or shelving scheme | |
| Withdrawn status | Lost status | Damaged status | Not for loan | Collection code | Permanent Location | Current Location | Shelving location | Date acquired | Source of acquisition | Cost, normal purchase price | Total Checkouts | Full call number | Barcode | Date last seen | Price effective from | Koha item type |
|---|---|---|---|---|---|---|---|---|---|---|---|---|---|---|---|---|
| Central Library (CL) | Central Library (CL) | General Stacks | 10/10/2006 | Academic Book Company | 2127.15 | 501.4 SCA | SEECS007601 | 11/14/2012 | 01/05/2017 | Book |
